Beberapa hal mengenai falsafah Pantjasila; (Record no. 83457)
[ view plain ]
| 000 -LEADER | |
|---|---|
| fixed length control field | 00832cam a22002171 4500 |
| 001 - CONTROL NUMBER | |
| control field | sa 68010624 |
| 003 - CONTROL NUMBER IDENTIFIER | |
| control field | DLC |
| 005 - DATE AND TIME OF LATEST TRANSACTION | |
| control field | 20260227112553.0 |
| 008 - FIXED-LENGTH DATA ELEMENTS--GENERAL INFORMATION | |
| fixed length control field | 940624s1967 io 000 0 ind |
| 010 ## - LIBRARY OF CONGRESS CONTROL NUMBER | |
| LC control number | sa 68010624 |
| 025 ## - OVERSEAS ACQUISITION NUMBER | |
| Overseas acquisition number | PL480:Indo-6981 |
| 035 ## - SYSTEM CONTROL NUMBER | |
| System control number | (OCoLC)30663167 |
| 040 ## - CATALOGING SOURCE | |
| Original cataloging agency | DLC |
| Transcribing agency | CU |
| Modifying agency | CU |
| -- | DLC |
| 050 00 - LIBRARY OF CONGRESS CALL NUMBER | |
| Classification number | JQ763 1967 |
| Item number | .N6 |
| 100 0# - MAIN ENTRY--PERSONAL NAME | |
| Personal name | Notonagoro, |
| Dates associated with a name | 1905- |
| 245 10 - TITLE STATEMENT | |
| Title | Beberapa hal mengenai falsafah Pantjasila; |
| Remainder of title | pengertian inti-isi-mutlak daripada Pantjasila, dasar falsafah negara, pokok pangkal pelaksanaannja setjara murni dan konsekwen. |
| 260 ## - PUBLICATION, DISTRIBUTION, ETC. | |
| Place of publication, distribution, etc. | [Djakarta, |
| Name of publisher, distributor, etc. | Pantjuran Tudjuh, |
| Date of publication, distribution, etc. | 1967] |
| 300 ## - PHYSICAL DESCRIPTION | |
| Extent | 57 p. |
| Dimensions | 21 cm. |
| 500 ## - GENERAL NOTE | |
| General note | "Uraian pada dies natalis I Universitas Pantjasila, tanggal 18 Nop. 1967, di aula Univ. Pantjasila Djakarta." |
| 651 #0 - SUBJECT ADDED ENTRY--GEOGRAPHIC NAME | |
| Geographic name | Indonesia |
| General subdivision | Politics and government |
| Chronological subdivision | 1950-1966. |
No items available.